书目信息 |
| 题名: |
法律的未来
|
|
| 作者: | 丹宁勋爵 著 | |
| 分册: | ||
| 出版信息: | 北京 法律出版社 2011.09 |
|
| 页数: | 440页 | |
| 开本: | 22cm | |
| 丛书名: | ||
| 单 册: | ||
| 中图分类: | D956.1 | |
| 科图分类: | ||
| 主题词: | 法律 | |
| 电子资源: | ||
| ISBN: | 7-5118-2175-8 | |
| 000 | 00566nam0 2200205 450 | |
| 001 | 1866066529 | |
| 005 | 20181214124159.61 | |
| 010 | @a7-5118-2175-8@dRMB 29.00 | |
| 100 | @a20181213d2011 km y0chiy0120 ea | |
| 101 | 0 | @achi |
| 102 | @aCN@b110000 | |
| 200 | 1 | @a法律的未来@Afa lu de wei lai@f(英) 丹宁勋爵著@F(ying)dan ning xun jue zhu |
| 205 | @a2版 | |
| 210 | @a北京@c法律出版社@d2011.09 | |
| 215 | @a440页@d22cm | |
| 606 | 0 | @a法律 |
| 690 | @aD956.1@v4 | |
| 701 | 0 | @a丹宁勋爵@Adan ning xun jue@4著 |
| 801 | 0 | @aCN@bMUSE@c20181213 |
| 905 | @aMUSE@dD956.1@eD155=2 | |
| 法律的未来/(英) 丹宁勋爵著.-2版.-北京:法律出版社,2011.09 |
| 440页;22cm |
| ISBN 7-5118-2175-8:RMB 29.00 |
| ● |
| 相关链接 |
|
|
|
正题名:法律的未来
索取号:D956.1/D155=2
 
预约/预借
| 序号 | 登录号 | 条形码 | 馆藏地/架位号 | 状态 | 备注 |
| 1 | 1300980 | 213009803 | 法学院资料室/ [索取号:D956.1/D155=2] | 在馆 |